Регионална библиотека "Любен Каравелов" - Русе

Чертане по мебелно и строително столарство (Запис номер 188051)

MARC детайли
000 -Лидер
Контролно поле с фиксирана дължина 01770nam a2200373 c 4500
003 - Код на организацията, давaща контролен номер
Контролно поле BLK
005 - Дата и час на последна редакция
Контролно поле 20221111142624.0
008 - Елементи от данни с фиксирана дължина
fixed length control field 180411b bul|||||r ||||||| ||bul||
010 ## - Наследен системен номер
LC control number KNG00197069000
040 ## - Източник на каталожния запис
Идентификатор на билиотеката - собственик на записа BLK
041 ## - Код за език
Код за езика на текст/звукозапис или на отделно заглавие Български
Код за езика КДБФ Български
080 ## - УДК
Текстов определител УДК Мебелно производство. Тапицерство
УДК код - определител по УДК 684
УДК определител :744(075.8)
УДК - код + определител 684:744(075.8)
100 1# - Редна дума - Автор
Автор Тодоров, Милчо
Авторска отговорност първи автор
R(LIN) 344488
139 ## - Редно поле
Редна дума Тодоров, Милчо и др.
Авторски знак Тодо - Т 64
245 10 - Сведения за заглавието
Заглавие Чертане по мебелно и строително столарство
Подзаглавни данни Учебник за I курс на СПТУ по дървообработване
Редно поле (дума) Милчо Тодоров; съавт. Йосиф Г. Матеев; съавт. Павел М. Басмаджиев.
250 ## - Област на изданието
Сведения за изданието 7. изд.
257 ## - Страна на издаване
Страна на създаване/издаване България
260 ## - Област на издателските данни
Място на издаване, разпространение и проч. София
Име на издателя, разпространителя и проч. Техника
Година на издаване 1978
Печатница Шумен : Г. Димитров
300 ## - Физическа характеристика
Страници 208 с.
Илюстрации и др. с ил.
Размери/Мащаб 24 см
380 ## - Жанр
Жанр Техника
500 ## - Общи забележки
Забележка На загл. с. авт. Милчо Тодоров означен Милчо Т. Петров. - 1. изд. 1954. - 6 065 тир.
650 #4 - Допълнително описание по предмет – тема
Основно описание – тема или топоним Техническо чертане - учебници за ВУЗ
9 (RLIN) 249317
650 #4 - Допълнително описание по предмет – тема
Основно описание – тема или топоним Мебелно производство - учебници за ВУЗ
9 (RLIN) 338752
653 ## - Ключова дума – ненормативна
Ключова дума мебелна промишленост
653 ## - Ключова дума – ненормативна
Ключова дума техническо чертане
653 ## - Ключова дума – ненормативна
Ключова дума учебници за ВУЗ
700 1# - Други автори (авторска отговорност)
Лично име Матеев, Йосиф Г.
Автороска отговорност (Описва отношението между автора и произведението) съавт.
9 (RLIN) 344489
700 1# - Други автори (авторска отговорност)
Лично име Басмаджиев, Павел М.
Автороска отговорност (Описва отношението между автора и произведението) съавт.
9 (RLIN) 317706
852 ## - Местоположение
Форматна сигнатура Цб 93175
856 4# - Електронен адрес и достъп
Електронен формат pdf - файл
Инструкция (цена за достъп) 0.00
Права за достъп disable
856 4# - Електронен адрес и достъп
Електронен формат pdf - файл
Инструкция (цена за достъп) 0.00
Права за достъп disable
999 ## - СИСТЕМНИ КОНТРОЛНИ НОМЕРА
Koha biblionumber 188051
Koha biblioitemnumber 188051
942 ## - АРТИКУЛИ
Вид на библиотечния материал Книги
Скрит в OPAC Не
Периодичен библиозапис Да
944 ## - СЪЗДАВАНЕ И РЕДАКЦИЯ на ЗАПИСА
Създаване/Редакция Създаване
Дата на регистрацията/редакция 30.11.2016
Служител, извършил регистрацията/редакцията Радостина_Карадакова
944 ## - СЪЗДАВАНЕ И РЕДАКЦИЯ на ЗАПИСА
Създаване/Редакция Редакция
Дата на регистрацията/редакция 30.11.2016
Служител, извършил регистрацията/редакцията Радостина_Карадакова
999 ## - СИСТЕМНИ КОНТРОЛНИ НОМЕРА
Koha biblioitemnumber 188051
999 ## - СИСТЕМНИ КОНТРОЛНИ НОМЕРА
Koha biblioitemnumber 188051
Наличности
Код за отписване Код за изгубен артикул Източник на класификационната схема Код за повреда Коз за рестрикции Код за отдаване Артикулен № Име на библиотеката - собственик Име на библиотеката, в която се намира в момента Статус (Текущо местоположение) Дата на вписване в системата Местоположение - отдел Цена в лева Инвентарен номер Систематично азбучна сигнатура Баркод Номер на екземпляра Цена в евро Служебна бележка Служебен тип на артикула
  Не е изгубен Universal Decimal Classification Не е повреден само за читалня ползва се в читалня 329074 Регионална библиотека "Любен Каравелов" Русе Регионална библиотека "Любен Каравелов" Русе Хранилище 1978-01-01 Хранилище 0.67 261230 Цб 93175 120000261230 1 0.34 N: стар фонд Дата: 01.01.1978 Книги
Изтеглен Не е изгубен Universal Decimal Classification Не е повреден без рестрикции заемане за дома 329075 Регионална библиотека "Любен Каравелов" Русе Регионална библиотека "Любен Каравелов" Русе Заемна - подръчен фонд 1978-01-01 Заемна - подръчен фонд 0.67 266229 П 684/Т 64 120000266229 2 0.34 N: стар фонд Дата: 01.01.1978 Дата инв: 07.02.2018 Бележки инв: П2018 Книги
Изтеглен Не е изгубен Universal Decimal Classification Не е повреден без рестрикции заемане за дома 329076 Регионална библиотека "Любен Каравелов" Русе Регионална библиотека "Любен Каравелов" Русе Заемна - подръчен фонд 1978-01-01 Заемна - подръчен фонд 0.67 266230 П 684/Т 64 266230 3 0.34 N: стар фонд Дата: 01.01.1978 Дата инв: 07.02.2018 Бележки инв: П2018 Книги
Vip Innovations Ltd, Rousse, Bulgaria 2025